000 00694nam a2200241Ia 4500
003 OSt
005 20220926011015.0
006 a|||||r|||| 00| 0
007 ta
008 220923b |||||||| |||| 00| 0 eng d
020 _a0131962213
037 _cGeneral Book
040 _aRTL
_cRTL
_beng
041 _2eng
_aeng
082 _aD6,9(B), M5
100 _aLangsam Yedidyah, etc
_9313414
245 0 _aData structures for personal computers
260 _aNew Jersey
_bPrentice Hall
_c1985
300 _axvi, 560p. Bibliography P 548-50
_ccm.
650 _aComputer Science
942 _hD6,9(B), M5
_cGB
_2CC
999 _c618841
_d618841